000 00709nam a2200229 4500
003 OSt
005 20240618071518.0
006 a
008 240618b |||||||| |||| 00| 0 eng d
020 _a9780230111653
040 _aDWCL-Main lib.
_cOC
082 _aCirc. 658.802 B957m 2011
100 _aBurgos, David
245 _aMarketing to the new majority : strategies for a diverse world /
260 _aNew York :
_bPlagrave Macmillan,
_cc2011.
300 _av,
_b246 p. : col. ill. ;
_c23 cm.
504 _aIncludes index.
650 _a1. Marketing–United States.
650 _a2. Multiculturalism–United States.
650 _a3. Minorities–United States.
942 _2ddc
_n0
_cBK-CIRC
_kCirc.
999 _c832
_d832